[Event "ch-RUS"]
[Site "Krasnodar RUS"]
[Date "2002.09.01"]
[Round "6"]
[White "Volkov,S"]
[Black "Tunik,G"]
[Result "1/2-1/2"]
[WhiteElo "2636"]
[BlackElo "2505"]

1.d4 Nf6 2.c4 e6 3.Nc3 Bb4 4.f3 d5 5.a3 Bxc3+ 6.bxc3 c5 7.cxd5 Nxd5 8.dxc5 Qa5
9.e4 Nc7 10.Qd4 f6 11.f4 O-O 12.Nf3 Nc6 13.Qc4 b6 14.cxb6 Qxb6 15.Nd4 Nxd4
16.Qxd4 Qc6 17.Qc4 Bb7 18.Qxc6 Bxc6 19.Bd3 Rad8 20.Bc2 Nb5 21.O-O Nxc3 22.Re1 Ba4
23.Bxa4 Nxa4 24.Be3 Rd7 25.Rec1 Rb8 26.Rc4 Rb3 27.Bf2 Nc3 28.g3 Kf7 29.Rb4 Rxb4
30.axb4 Kg6 31.Rxa7 Rd1+ 32.Kg2 Nxe4 33.Be3 Rb1 34.Rb7 Rb3 35.Bd4 h5 36.Rb8 Rd3
37.Bg1 Kf5 38.Rh8 Rb3 39.Rxh5+ g5 40.fxg5 fxg5 41.Rh8 Rxb4 42.Rf8+ Nf6 43.h3 e5
44.g4+ Kg6 45.Rd8  1/2-1/2

[Event "It"]
[Site "Tula RUS"]
[Date "2002.09.09"]
[Round "6"]
[White "Simantsev,M"]
[Black "Saulin,D"]
[Result "1/2-1/2"]
[WhiteElo "2401"]
[BlackElo "2445"]

1.d4 Nf6 2.c4 e6 3.Nc3 Bb4 4.f3 d5 5.a3 Bxc3+ 6.bxc3 c5 7.cxd5 Nxd5 8.dxc5 Qa5
9.e4 Ne7 10.Be3 O-O 11.Qb3 Qc7 12.Nh3 Nd7 13.Be2 Nxc5 14.Qb4 b6 15.Bxc5 bxc5  1/2-1/2

[Event "ECC"]
[Site "Halkidiki GRE"]
[Date "2002.09.22"]
[Round "1"]
[White "Erdogan,H"]
[Black "Horvath,Cs"]
[Result "0-1"]
[WhiteElo "2218"]
[BlackElo "2517"]

1.d4 Nf6 2.c4 e6 3.Nc3 Bb4 4.f3 d5 5.a3 Bxc3+ 6.bxc3 c6 7.e3 O-O 8.Bd3 b6
9.Ne2 Ba6 10.cxd5 Bxd3 11.Qxd3 cxd5 12.O-O Qc8 13.e4 Qa6 14.Qxa6 Nxa6 15.e5 Ne8
16.a4 f6 17.exf6 Nxf6 18.Nf4 Rac8 19.Bd2 Rc6 20.Rfe1 Nc7 21.Nd3 Nd7 22.Rac1 Rc8
23.Ra1 a5 24.Reb1 Kf7 25.Rb3 Ne8 26.Ne5+ Nxe5 27.dxe5 d4 28.cxd4 Nc7 29.Kf2 Nd5
30.Ke2 g5 31.Rbb1 Rc2 32.Rc1 Nf4+ 33.Kd1 R2c4 34.Rab1 Nd5 35.Ke2 Kg6 36.Kd3 Nb4+
37.Rxb4 Rxc1 38.Rxb6 R8c6 39.Rb5 Ra1 40.Rc5 Ra3+ 41.Kc4 Rxa4+ 42.Kb3 Rxd4
43.Rxc6 Rxd2 44.Rxe6+ Kf5 45.Rh6 Rxg2 46.Rxh7 Rf2 47.Ka4 Kxe5 48.h4 Rh2 49.h5 Rh3
50.h6 Rxf3 51.Rh8 Rf7 52.Kxa5 Kf5 53.h7 Kg4 54.Kb5 Kh4 55.Kc5 g4 56.Kd5 g3
57.Ke6 Ra7 58.Kf5 Kh3 59.Kf4 g2 60.Rg8 Rxh7  0-1

[Event "ECC"]
[Site "Halkidiki GRE"]
[Date "2002.09.24"]
[Round "3"]
[White "Volkov,S"]
[Black "Gershon,A"]
[Result "1/2-1/2"]
[WhiteElo "2636"]
[BlackElo "2556"]

1.d4 Nf6 2.c4 e6 3.Nc3 Bb4 4.f3 c5 5.d5 b5 6.e4 O-O 7.Bd2 bxc4 8.Bxc4 Ba6
9.b3 exd5 10.Nxd5 Nxd5 11.Bxd5 Qg5 12.Bxb4 Qxg2 13.Bxc5 Qf1+ 14.Kd2 Qd3+
15.Ke1 Qf1+ 16.Kd2 Qd3+ 17.Ke1  1/2-1/2

[Event "ECC"]
[Site "Halkidiki GRE"]
[Date "2002.09.26"]
[Round "5"]
[White "Erdogan,H"]
[Black "Mikhalchishin,A"]
[Result "0-1"]
[WhiteElo "2218"]
[BlackElo "2533"]

1.d4 Nf6 2.c4 e6 3.Nc3 Bb4 4.f3 Nc6 5.a3 Bxc3+ 6.bxc3 e5 7.d5 Na5 8.e4 b6
9.Bd3 O-O 10.Ne2 Ba6 11.O-O d6 12.Bg5 h6 13.Bh4 g5 14.Be1 Nh5 15.g3 Bxc4
16.f4 Bxd3 17.Qxd3 f6 18.Rb1 Qd7 19.f5 Nb7 20.Bf2 c6 21.Rfd1 Ng7 22.c4 cxd5
23.Qxd5+ Qf7 24.Nc3 Rfc8 25.Rb4 Ne8 26.Nb5 Qxd5 27.exd5 Na5 28.Rc1 a6 29.Nc3 Nxc4
30.Bxb6 a5 31.Rb5 Nxa3 32.Rxa5 Rxa5 33.Bxa5 Nb5 34.Kf2 Rc5 35.Bb4 Rc4 36.Ba5 Ng7
37.g4 h5 38.h3 hxg4 39.hxg4 Nxc3 40.Rxc3 Rxg4 41.Rc8+ Kh7 42.Rc7 Kh6 43.Rf7 Rf4+
44.Kg1 Nxf5 45.Rxf6+ Kg7 46.Bd8 g4 47.Re6 g3 48.Bc7 Ne3  0-1

[Event "CUPA TC IND"]
[Site "Ploiesti ROM"]
[Date "2002.09.26"]
[Round "7"]
[White "Dobre,C"]
[Black "Anuta,L"]
[Result "1-0"]
[WhiteElo "2002"]
[BlackElo "2102"]

1.d4 Nf6 2.c4 e6 3.Nc3 Bb4 4.f3 Nh5 5.Nh3 c5 6.d5 Qh4+ 7.Nf2 Qxc4 8.e4 Bxc3+
9.bxc3 Qxc3+ 10.Bd2 Qd4 11.Qc1 exd5 12.Bc3 Qa4 13.Qg5 O-O 14.Qxh5 d4 15.Bd2 d6
16.Be2 Nc6 17.Nd3 f6 18.Qd5+ Kh8 19.Qxd6 Rd8 20.Qxc5 b6 21.Qc1 Bb7 22.O-O Rac8
23.Qb2 Na5 24.Bxa5 Qxa5 25.Rac1 Rc3 26.Rfd1 h6 27.Rd2 Ba6 28.Rcd1 Rdc8 29.Nf4 Kh7
30.Bxa6 Qxa6 31.Ne2 Qa4 32.Nxd4 R8c5 33.Ne6 Rc8 34.Rd7 Qxd7 35.Nf8+ Rxf8
36.Rxd7 Rfc8 37.h3 Rc1+ 38.Kh2 R1c7 39.Qd4 b5 40.Qd6 Rc6 41.Qe7 Rg8 42.Rxa7 Rcc8
43.Qxf6 Rb8 44.e5 b4 45.e6 b3 46.axb3 Rxb3 47.Qf5+ Kh8 48.Rf7 Rbb8 49.Qg6  1-0

[Event "ECC"]
[Site "Halkidiki GRE"]
[Date "2002.09.28"]
[Round "7"]
[White "Kishnev,S"]
[Black "Vanderstricht,G"]
[Result "1-0"]
[WhiteElo "2497"]
[BlackElo "2404"]

1.d4 Nf6 2.c4 e6 3.Nc3 Bb4 4.f3 d5 5.a3 Bxc3+ 6.bxc3 c6 7.e3 b6 8.cxd5 cxd5
9.Bb5+ Bd7 10.Bd3 Nc6 11.e4 e5 12.Ne2 O-O 13.O-O h6 14.Bb2 Re8 15.Ng3 Qc7
16.Qe2 Rad8 17.Qf2 Bc8 18.Rac1 Qd6 19.Bb5 dxe4 20.fxe4 Re7 21.h3 a6 22.Bd3 b5
23.Bb1 Qc7 24.Rcd1 Ree8 25.Bc1 Qd6 26.Bxh6 exd4 27.Bg5 Qe5 28.Bf4 Qc5 29.cxd4 Rxd4
30.Be3 Red8 31.Ne2  1-0

[Event "Eu Blitz Ch"]
[Site "Panormo GRE"]
[Date "2002.10.03"]
[Round "16"]
[White "Volkov,S"]
[Black "Barsov,A"]
[Result "0-1"]
[WhiteElo "2642"]
[BlackElo "2525"]

1.d4 e6 2.c4 Nf6 3.Nc3 Bb4 4.f3 Nc6 5.e4 d5 6.cxd5 exd5 7.e5 Ng8 8.f4 Nge7
9.a3 Ba5 10.b4 Bb6 11.Bb5 a5 12.bxa5 Rxa5 13.Nge2 O-O 14.Be3 Bg4 15.a4 Nf5
16.Qd2 Nxe3 17.Qxe3 Ne7 18.O-O c6 19.Bd3 c5 20.Qg3 Bf5 21.Nb5 c4 22.Bxf5 Nxf5
23.Qc3 Qd7 24.g4 Nh6 25.h3 f6 26.Kh2 Rfa8 27.Nd6 Rxa4 28.Rxa4 Rxa4 29.Qf3 Qc6
30.g5 Nf7 31.Nxf7 Kxf7 32.gxf6 g6 33.f5 Ra2 34.fxg6+ hxg6 35.Qg4 Bxd4 36.Qxd4 Rxe2+
37.Kg3 Re4 38.Qd2 Qe6 39.Qh6 Qxe5+ 40.Kg2 Re2+ 41.Rf2 Qe4+ 42.Kg1 Re1+ 43.Rf1 Qe3+
44.Qxe3 Rxe3 45.Rb1 d4 46.Rb6 c3 47.Rc6 Re2 48.Rc8 Rh2 49.Kf1 c2 50.Ke1 d3
51.h4 Rd2 52.Rxc2 dxc2 53.h5 Rh2 54.h6  0-1

[Event "6th Itau Cup"]
[Site "Sao Paulo BRA"]
[Date "2002.10.04"]
[Round "8"]
[White "Garcia Palermo,C"]
[Black "Galego,L"]
[Result "0-1"]
[WhiteElo "2467"]
[BlackElo "2511"]

1.d4 e6 2.c4 Nf6 3.Nc3 Bb4 4.f3 d5 5.a3 Be7 6.e4 dxe4 7.fxe4 e5 8.d5 Bc5
9.Nf3 Bg4 10.h3 Bh5 11.g4 Bg6 12.b4 Be7 13.Bd3 a5 14.b5 Nbd7 15.Bc2 Bd6 16.Qe2 Qe7
17.Bb2 Nb6 18.Nd1 Nfd7 19.a4 Bb4+ 20.Kf1 h5 21.g5 h4 22.Ne3 O-O-O 23.Ng2 Bh5
24.Ngxh4 g6 25.Bd1 f6 26.gxf6 Qxf6 27.Qc2 Qf8 28.Rh2 Be7 29.Rf2 Bxh4 30.Nxh4 Bxd1
31.Rxd1 Qc5 32.Nxg6 Nxc4 33.Rd3 Rh7 34.Bc1 Re8 35.d6 cxd6 36.Rc3 Ndb6 37.Ba3 Qc7
38.Qd3 Kb8 39.Rf6 Rf7 40.Rf5 Rxf5+ 41.exf5 e4 42.Qd4 Qf7 43.Bxd6+ Ka8 44.Ne7 Rd8
45.Nd5 Qxd5 46.Qxd5 Nxd5 47.Rxc4 Ne3+ 48.Ke2 Nxc4 49.Be7 Rd2+ 50.Ke1 e3 51.f6 Ne5  0-1

[Event "10th Chigorin Mem"]
[Site "St Petersburg RUS"]
[Date "2002.10.27"]
[Round "3"]
[White "Ovod,E"]
[Black "Dobrov,V"]
[Result "0-1"]
[WhiteElo "2378"]
[BlackElo "2446"]

1.d4 Nf6 2.c4 e6 3.Nc3 Bb4 4.f3 c5 5.d5 d6 6.e4 O-O 7.Bd3 b5 8.Ne2 Nbd7 9.dxe6 fxe6
10.cxb5 Ne5 11.O-O a6 12.Bf4 c4 13.Bc2 Qb6+ 14.Kh1 axb5 15.Bxe5 dxe5 16.a4 bxa4
17.Rxa4 Rb8 18.Qc1 Bd7 19.Ra2 Bc6 20.Ba4 Nd7 21.Qg5 Bxa4 22.Nxa4 Qd6 23.Nec3 Nc5
24.Nxc5 Bxc5 25.Rd1 Qc7 26.Qc1 Bd4 27.Ne2 Qc5 28.Qc2 Rb4 29.Qd2 Rb3 30.Nc3 Rfb8
31.h4 Qb4 32.Ra4 Qe7 33.Qg5 Qxg5 34.hxg5 Rxb2 35.Rxc4 Rc2 36.Rc6 Rxc3 37.Rxe6 Kf7
38.Ra6 Rc2 39.f4 Rbb2 40.fxe5 Bxe5 41.Rf1+ Rf2  0-1

[Event "Open"]
[Site "Le Touquet FRA"]
[Date "2002.10.28"]
[Round "3"]
[White "Taddei,B"]
[Black "Hareux,H"]
[Result "1/2-1/2"]
[WhiteElo "2319"]
[BlackElo "2241"]

1.d4 e6 2.c4 Nf6 3.Nc3 Bb4 4.f3 d5 5.a3 Bxc3+ 6.bxc3 c5 7.cxd5 Nxd5 8.dxc5 Qa5
9.e4 Ne7 10.Qb3 Qc7 11.Be3 O-O 12.Ne2 e5 13.Rb1 Nec6 14.Nc1 Na5 15.Qc2 Be6
16.Qa4 Nd7 17.Qb4 Rfc8 18.Nd3 Bc4 19.Kf2 Bxd3 20.Bxd3 Nxc5 21.Be2 Ne6 22.Rhc1 b6
23.Kg1 Nc4 24.Bf2 Nf4 25.Rc2 Nxe2+ 26.Rxe2 Rd8 27.a4 Rac8 28.Rc2 Qd6 29.Qxd6 Rxd6
30.Rbc1 f6 31.Kf1 Kf7 32.Ke2 Rcd8 33.Be1 Ke6 34.Ra2 a5 35.Rb1 R8d7 36.Rc1 Ke7
37.Rb1 Kd8 38.Rc1 Kc7 39.Rb1 Kc6 40.Rc1 g5 41.h3 Rd3 42.Rb1 h5 43.Rc1 g4
44.Kf2 gxf3 45.gxf3 h4 46.Raa1 Nd2 47.Ke2 Nb3 48.Rd1 Nc5 49.Bxh4 Rxd1 50.Rxd1 Rf7
51.Ra1 f5 52.exf5 Rxf5 53.Bf2 e4 54.fxe4 Nxe4 55.Bd4 Rh5 56.Kf3 Rh4 57.Rg1 Kd5
58.Kg2 Nc5 59.Kg3  1/2-1/2

[Event "Olympiad"]
[Site "Bled SLO"]
[Date "2002.10.30"]
[Round "5"]
[White "Ezat,M"]
[Black "Olafsson,H"]
[Result "1/2-1/2"]
[WhiteElo "2375"]
[BlackElo "2476"]

1.d4 Nf6 2.c4 e6 3.Nc3 Bb4 4.f3 d5 5.a3 Bxc3+ 6.bxc3 c5 7.cxd5 Nxd5 8.dxc5 Qa5
9.e4 Nf6 10.Be3 O-O 11.Qb3 Nfd7 12.Rd1 Qc7 13.Qc4 Na6 14.c6 bxc6 15.f4 c5
16.Nf3 Bb7 17.Qa4 Nab8 18.Bd3 Nb6 19.Qb5 N8d7 20.O-O Bc6 21.Qa5 Rac8 22.c4 Rfd8
23.e5 Nf8  1/2-1/2

[Event "6th OIBM"]
[Site "Bad Wiessee GER"]
[Date "2002.11.01"]
[Round "7"]
[White "Braun,C1"]
[Black "Hammes,M"]
[Result "1/2-1/2"]
[WhiteElo "2228"]
[BlackElo "2377"]

1.d4 e6 2.c4 Nf6 3.Nc3 Bb4 4.f3 d5 5.a3 Be7 6.e4 dxe4 7.fxe4 e5 8.d5 c6 9.Nf3 cxd5
10.cxd5 Bc5 11.Bd3 O-O 12.Qe2 Bg4 13.Bg5 Nbd7 14.h3 Bxf3 15.Qxf3 Qb6 16.Rb1 Rac8
17.Bd2 Bd4 18.Na4 Qb3 19.Nc3 Nc5 20.Ke2 Nfd7 21.g4 Nxd3 22.Qxd3 Nc5 23.Qb5 Qxb5+
24.Nxb5 Nxe4 25.Nxd4 exd4 26.Bb4 Rfe8 27.Kf3 Rc2 28.Rhf1 Ng5+ 29.Kf4 Nxh3+
30.Kg3 Ng5 31.Rbe1 Rce2 32.Rxe2 Rxe2 33.Rc1 f6 34.d6 Ne6 35.Rc8+ Kf7 36.d7 a5  1/2-1/2

[Event "ch-ITA"]
[Site "Montecatini Terme ITA"]
[Date "2002.11.25"]
[Round "6"]
[White "De Santis,A"]
[Black "Mantovani,R"]
[Result "1-0"]
[WhiteElo "2267"]
[BlackElo "2359"]

1.d4 Nf6 2.c4 e6 3.Nc3 Bb4 4.f3 d5 5.a3 Bxc3+ 6.bxc3 c5 7.cxd5 exd5 8.e3 Nh5
9.Ne2 O-O 10.g3 Be6 11.Bg2 Re8 12.O-O Qd7 13.g4 Nf6 14.Nf4 h6 15.h3 Nc6 16.Ra2 Rac8
17.Raf2 Na5 18.Nxe6 Rxe6 19.e4 cxd4 20.cxd4 Rec6 21.Bd2 Nc4 22.e5 Nh7 23.f4 Nxd2
24.Qxd2 Rc3 25.Rf3 Rc2 26.Qe3 Qa4 27.Kh1 Qc4 28.h4 Re2 29.Qb3 Qxd4 30.Rd3 Qc5
31.Qxd5 Qe7 32.g5 Nf8 33.Qxb7 Rc7 34.Qb4 Qe8 35.gxh6 gxh6 36.Rg3+ Kh8 37.f5 Rxe5
38.Qd6 f6 39.Qxc7 Re7 40.Qf4 Qh5  1-0

[Event "TCh-ESP"]
[Site "Mondariz ESP"]
[Date "2002.12.05"]
[Round "6"]
[White "Granados Gomez,M"]
[Black "Lezcano Jaen,P"]
[Result "1-0"]
[WhiteElo "2410"]
[BlackElo "2402"]

1.c4 Nf6 2.Nc3 e6 3.d4 Bb4 4.f3 d5 5.a3 Bxc3+ 6.bxc3 c6 7.e3 O-O 8.Bd3 b6
9.cxd5 cxd5 10.Ne2 Ba6 11.Bxa6 Nxa6 12.Qd3 Nb8 13.c4 dxc4 14.Qxc4 Nbd7 15.e4 Rc8
16.Qa4 Qc7 17.Bf4 Qc2 18.Qxc2 Rxc2 19.Kf2 Rfc8 20.Rhb1 e5 21.Be3 Ne8 22.a4 Nd6
23.a5 Nc4 24.axb6 Ndxb6 25.Rxa7 Nxe3 26.Kxe3 Nc4+ 27.Kf2 exd4 28.Rd7 Ra8
29.Rxd4 g5 30.Rc1 Rxc1 31.Nxc1 Ne5 32.Rd5 f6 33.Rd2 h5 34.Nd3 Nxd3+ 35.Rxd3 Ra2+
36.Kg3 h4+ 37.Kg4 Rxg2+ 38.Kf5 Rf2 39.Kg6 Kf8 40.Kxf6 Ke8 41.Kxg5 Rxh2 42.Kg4 Ke7
43.f4 Ke6 44.Rh3  1-0

[Event "Friendship A"]
[Site "Roznov CZE"]
[Date "2002.12.07"]
[Round "2"]
[White "Kantorik,M"]
[Black "Berezjuk,S"]
[Result "1/2-1/2"]
[WhiteElo "2364"]
[BlackElo "2439"]

1.d4 Nf6 2.c4 e6 3.Nc3 Bb4 4.f3 O-O 5.e4 Ne8 6.Bd3 c5 7.d5 d6 8.Ne2 Nd7 9.a3 Ba5
10.O-O Ne5 11.f4 Nxd3 12.Qxd3 exd5 13.Nxd5 f5 14.e5 Be6 15.Be3 b5 16.b3 bxc4
17.bxc4 Rf7 18.Rfd1 Qc8 19.Rab1 Rb8 20.exd6 Rxb1 21.Rxb1 Nxd6 22.Ne7+ Rxe7
23.Qxd6 Re8 24.Bxc5 Bxc4 25.Ng3 Rd8 26.Qe7 Rd7 27.Nxf5 Kh8 28.Qe5 Bc7 29.Bd6 Bd3
30.Re1 h6 31.Bxc7 Bxf5 32.Ba5 Rb7 33.Bc3 Qd7 34.Bd4 Kh7 35.h3 Rb5 36.Qe3 a6
37.Kh2 Rd5 38.Bc3 Rd3 39.Qc5 Bxh3 40.Re3 Rxe3 41.Qxe3 Bf5 42.Qe5 Qf7 43.Kg1 Qg6
44.Kf2 Qg4 45.g3 Qg6 46.Bd4 h5 47.Qe7 Bb1 48.Qg5 Qc2+ 49.Kg1 Qd1+ 50.Kh2 Qe2+
51.Kh3 Qf1+ 52.Kh2 Qe2+ 53.Kh3 Bg6 54.Qe5 Qg4+ 55.Kg2 Bf5 56.Kf2 h4 57.Qxg7+ Qxg7
58.Bxg7 hxg3+ 59.Kxg3 Kxg7 60.Kf3 Kf6 61.Ke3 Ke6 62.Kd2 Kd5 63.Kc1 Kc4 64.Kb2 a5
65.a4 Kb4 66.Ka2 Kc3 67.Ka1 Kc2 68.Ka2 Kc1 69.Ka1 Kc2 70.Ka2 Kc3 71.Ka1 Kb4
72.Kb2 Kxa4 73.Ka2 Kb4 74.Kb2 a4 75.Ka2 Be6+ 76.Kb2 a3+ 77.Ka1 Kc3 78.f5 Bxf5
79.Ka2  1/2-1/2

[Event "10th Amitie"]
[Site "Bagneux FRA"]
[Date "2002.12.13"]
[Round "5"]
[White "Nguyen Chi Minh"]
[Black "De Sousa,Jos"]
[Result "1/2-1/2"]
[WhiteElo "2358"]
[BlackElo "2304"]

1.d4 Nf6 2.c4 e6 3.Nc3 Bb4 4.f3 O-O 5.e3 c5 6.Bd3 Nc6 7.Ne2 cxd4 8.exd4 d5
9.Bg5 dxc4 10.Bxc4 b6 11.O-O Bb7 12.Rc1 Rc8 13.a3 Be7 14.Ba2 Nd5 15.Bd2 Nxc3
16.Bxc3 Ba6 17.Re1 Bxe2 18.Qxe2 Nxd4 19.Qe4  1/2-1/2

[Event "Friendship A"]
[Site "Roznov CZE"]
[Date "2002.12.13"]
[Round "9"]
[White "Kantorik,M"]
[Black "Bernasek,J"]
[Result "1/2-1/2"]
[WhiteElo "2364"]
[BlackElo "2422"]

1.d4 Nf6 2.c4 e6 3.Nc3 Bb4 4.f3 d5 5.a3 Bxc3+ 6.bxc3 O-O 7.e3 b6 8.cxd5 exd5
9.Bd3 Ba6 10.Ne2 Bxd3 11.Qxd3 Re8 12.O-O c5 13.Re1 Nc6 14.Ng3 Qd7 15.Bb2 Rad8
16.Rad1 Na5 17.e4 dxe4 18.fxe4 Qg4 19.e5 c4 20.Qc2 Nd5 21.Re4 Qg6 22.Qe2 f5
23.Rh4 Rf8 24.Qf3 Qg5 25.Rh5 Qe3+ 26.Qxe3 Nxe3 27.Re1 g6 28.Rh4 Nd5 29.Nf1 Nc6
30.Ne3 Nxe3 31.Rxe3 Ne7 32.Bc1 Nd5 33.Rf3 b5 34.Bh6 Rf7 35.Bg5 Re8 36.Bd2  1/2-1/2

[Event "10th Amitie"]
[Site "Bagneux FRA"]
[Date "2002.12.17"]
[Round "9"]
[White "Nguyen Chi Minh"]
[Black "Le Quang,K"]
[Result "0-1"]
[WhiteElo "2358"]
[BlackElo "2274"]

1.d4 Nf6 2.c4 e6 3.Nc3 Bb4 4.f3 d5 5.a3 Bxc3+ 6.bxc3 c5 7.cxd5 Nxd5 8.Qd2 f5
9.e3 O-O 10.Nh3 cxd4 11.cxd4 Nc6 12.Rb1 b6 13.Be2 Qh4+ 14.Kf1 Bb7 15.Qe1 Qe7
16.f4 Rac8 17.Rg1 Na5 18.g4 Nc3 19.Bd2 Qxa3 20.Ra1 Qb2 21.gxf5 Nxe2 22.Kxe2 Qb5+
23.Kf2 Qxf5 24.Rg3 Rc2 25.Kg1 Rfc8 26.Bxa5 bxa5 27.Nf2 Rxf2 28.e4 Qxf4 29.Qxf2 Qxe4
30.Rg2 Rf8 31.Qb2 Qxg2+ 32.Qxg2 Bxg2 33.Kxg2 Rf5 34.Rb1 Kf7 35.Rb7+ Kf6 36.Rxa7 h5
37.Kg3 g5 38.Rh7 g4 39.Ra7 Rf3+ 40.Kg2 Rf5 41.h3 gxh3+ 42.Kxh3 Rd5 43.Kg3 Kf5
44.Kf3 h4 45.Rh7 Kg5 46.Ke4 Kg4 47.Rh6 h3 48.Rxe6 h2 49.Kxd5 h1=Q+ 50.Kc5 Qc1+
51.Kb5 Qb2+ 52.Kc5 Qb4+ 53.Kd5 a4  0-1

[Event "32nd Rilton Cup"]
[Site "Stockholm SWE"]
[Date "2002.12.30"]
[Round "4"]
[White "Ulibin,M"]
[Black "Barkhagen,J"]
[Result "0-1"]
[WhiteElo "2581"]
[BlackElo "2458"]

1.d4 Nf6 2.c4 e6 3.Nc3 Bb4 4.f3 d5 5.a3 Bxc3+ 6.bxc3 c5 7.cxd5 Nxd5 8.dxc5 Qa5
9.e4 Nf6 10.Be3 O-O 11.Kf2 Nfd7 12.Rb1 b6 13.cxb6 axb6 14.Bb5 Qxa3 15.Ne2 Qe7
16.Ra1 Rxa1 17.Qxa1 Nc5 18.Rb1 Qc7 19.Kg1 Bd7 20.Nd4 Bxb5 21.Nxb5 Qc6 22.Qb2 Nbd7
23.Bd4 Nd3 24.Qd2 N7c5 25.e5 Qd5 26.Qe3 Ra8 27.h3 Qa2 28.Rf1 Qb2 29.c4 Qc2
30.Nc3 Ra3 31.Qg5 h6 32.Qd8+ Kh7 33.Bxc5 bxc5 34.Nd1 Ra2 35.Ne3 Qe2  0-1

[Event "45th It"]
[Site "Reggio Emilia ITA"]
[Date "2003.01.02"]
[Round "5"]
[White "Tomescu,V"]
[Black "Iotti,P"]
[Result "1-0"]
[WhiteElo "2432"]
[BlackElo "2314"]

1.d4 Nf6 2.c4 e6 3.Nc3 Bb4 4.f3 c5 5.d5 e5 6.e4 d6 7.Bd3 Bxc3+ 8.bxc3 Qa5
9.Ne2 Nbd7 10.O-O O-O 11.g4 Nb6 12.Bg5 Nbd7 13.Ng3 h6 14.Bd2 Re8 15.h4 Nf8
16.g5 hxg5 17.hxg5 N6h7 18.Kf2 Qd8 19.Rh1 Nxg5 20.Bxg5 Qxg5 21.Rh5 Qf6 22.Qh1 g6
23.Rh6 Qg7 24.Rg1 Rd8 25.Nf5 Qf6 26.Ne7+ Kg7 27.Nf5+ Kg8 28.Rg4 b5 29.Rgh4  1-0

[Event "Troll Masters"]
[Site "Gausdal NOR"]
[Date "2003.01.12"]
[Round "7"]
[White "Nordahl,H"]
[Black "Rozentalis,E"]
[Result "0-1"]
[WhiteElo "2303"]
[BlackElo "2585"]

1.d4 Nf6 2.c4 e6 3.Nc3 Bb4 4.f3 d5 5.a3 Bxc3+ 6.bxc3 c6 7.e3 O-O 8.Nh3 b6
9.cxd5 cxd5 10.a4 Ba6 11.Bxa6 Nxa6 12.Qd3 Qc8 13.O-O Nc7 14.e4 Qa6 15.Qc2 Rfc8
16.e5 Nd7 17.Ng5 Nf8 18.Ba3 h6 19.Bxf8 Kxf8 20.Qh7 hxg5 21.f4 Ke7 22.f5 Rh8
23.Qxg7 Raf8 24.c4 Qxc4 25.Qxg5+ Kd7 26.Qe3 Rh4 27.Rfd1 Re4 28.Qa3 Rg8 29.Rac1 Qe2
30.Qd6+ Ke8 31.Qc6+ Kf8 32.Qd6+ Kg7 33.Qe7 Kh7 34.g3 Reg4 35.Qxf7+ R4g7 36.Qxc7 Rxc7
37.Rxc7+ Kh6 38.Rf1 Qe3+ 39.Kg2 exf5 40.Rxa7 Qe4+ 41.Rf3 Rc8  0-1

[Event "Odessa Region Open"]
[Site "Odessa UKR"]
[Date "2003.01.13"]
[Round "5"]
[White "Sumets,A"]
[Black "Tishin,D"]
[Result "1-0"]
[WhiteElo "2468"]
[BlackElo "2291"]

1.d4 Nf6 2.c4 e6 3.Nc3 Bb4 4.f3 d5 5.a3 Bxc3+ 6.bxc3 h6 7.cxd5 exd5 8.e3 O-O
9.Bd3 Re8 10.Ne2 c5 11.O-O b6 12.Ng3 Ba6 13.Bxa6 Nxa6 14.Qd3 Nc7 15.Bb2 Qd7
16.e4 Qb5 17.Qc2 Nd7 18.e5 Qc6 19.Qf2 Qg6 20.Rae1 c4 21.a4 f5 22.Qc2 Rf8
23.Ba3 Rf7 24.Bd6 Ne6 25.f4 a6 26.Rf2 Re8 27.Nf1 Nd8 28.Ne3 Qe6 29.g4 g6
30.gxf5 gxf5 31.Kh1 Kh7 32.Rg1 Nb7 33.Ba3 Nb8 34.Rfg2 Nc6 35.Qd1 Ne7 36.Qf3 Rd8
37.Bxe7 Rxe7 38.Qh5  1-0

[Event "FSIMA Feb"]
[Site "Budapest HUN"]
[Date "2003.02.05"]
[Round "5"]
[White "Babos,C"]
[Black "Kovacs,Ga2"]
[Result "1-0"]
[WhiteElo "2278"]
[BlackElo "2382"]

1.d4 Nf6 2.c4 e6 3.Nc3 Bb4 4.f3 d5 5.a3 Bxc3+ 6.bxc3 c5 7.cxd5 Nxd5 8.Qd3 b6
9.e4 Ba6 10.Qc2 Bxf1 11.Kxf1 Ne7 12.Be3 cxd4 13.cxd4 O-O 14.Ne2 Nbc6 15.g3 Rc8
16.Qa2 Na5 17.Rc1 Qd7 18.Kg2 Qa4 19.Rc3 Nc4 20.Bf4 b5 21.Rb1 Rfd8 22.Qb3 Qxb3
23.Rbxb3 a6 24.a4 Na5 25.Rb1 Nac6 26.axb5 axb5 27.Be3 Rb8 28.Rc5 b4 29.Rc4 Rb7
30.Nc1 Ra8 31.Kf2 h6 32.Rb2 Rd7 33.Nb3 Ra3 34.Ke2 Rd8 35.Rc5 f6 36.h4 Kf7
37.h5 Ke8 38.g4 Nb8 39.Rc7 Na6 40.Rb7 Rd7 41.Rb6 Kf7 42.Rxa6 Rxa6 43.Nc5 Rda7
44.Nxa6 Rxa6 45.Rxb4 Ra2+ 46.Bd2 Ra7 47.Rb6 f5 48.gxf5 exf5 49.Bb4 fxe4 50.fxe4 Rc7
51.Kd3 Nc8 52.Ra6 Rc1 53.Bc3 Ke8 54.Rg6 Rh1 55.Rxg7 Rxh5 56.e5  1-0

[Event "Tch-SWE 2002-3"]
[Site "Sweden SWE"]
[Date "2003.02.08"]
[Round "7"]
[White "Heinola,V"]
[Black "Bjork,C"]
[Result "0-1"]
[WhiteElo "2193"]
[BlackElo "2334"]

1.d4 Nf6 2.c4 e6 3.Nc3 Bb4 4.f3 c5 5.d5 Bxc3+ 6.bxc3 e5 7.e4 d6 8.Bd3 Nbd7
9.Ne2 Nf8 10.O-O Ng6 11.Bg5 h6 12.Be3 Nh5 13.Qd2 Qe7 14.Rab1 Rb8 15.Rf2 Bd7
16.g3 Nf6 17.Qb2 b6 18.Qa3 Rb7 19.Bc2 O-O 20.Ba4 Bc8 21.Bb5 Rc7 22.Ba6 Bh3
23.Kh1 Nh7 24.Ng1 Bd7 25.Bb5 f5 26.Bxd7 Qxd7 27.exf5 Qxf5 28.Qb2 Qd3 29.Re1 Qxc4
30.Qd2 Rcf7 31.Bxh6 gxh6 32.Rfe2 Kg7 33.Re4 Qb5 34.Rg4 Nf6 35.Rxg6+ Kxg6
36.Qc2+ Kg7 37.Qf5 c4 38.Rd1 Qd7  0-1

[Event "11th Aosta Open"]
[Site "Saint Vincent ITA"]
[Date "2003.02.12"]
[Round "5"]
[White "Dittmar,P"]
[Black "Drazic,S"]
[Result "0-1"]
[WhiteElo "2320"]
[BlackElo "2462"]

1.d4 Nf6 2.c4 e6 3.Nc3 Bb4 4.f3 O-O 5.e4 Nc6 6.Be3 e5 7.d5 Ne7 8.Bd3 b6 9.Ne2 a5
10.a3 Bc5 11.Bxc5 bxc5 12.O-O Ng6 13.Qd2 d6 14.Rab1 h6 15.Kh1 Qe7 16.a4 Bd7
17.Nb5 Rfc8 18.Bc2 Be8 19.Rbd1 Nd7 20.Ng3 Qg5 21.Nf5 Qxd2 22.Rxd2 Kf8 23.g3 Ne7
24.Ne3 Ng6 25.Kg2 Nb8 26.h4 Na6 27.Rfd1 Nb4 28.Bb1 h5 29.b3 Bd7 30.Kf2 f6
31.Kg2 Kf7 32.Kf2 Rab8 33.Kg2 Rb7 34.Kf2 Rd8 35.Kg2 Na6 36.Kf2 Rbb8 37.Kg2 Rb6
38.Kf2 Rh8 39.Kg2 Rbb8 40.Rf1 Rbf8 41.Rdf2 Rd8 42.Rd2 Kf8 43.Kh2 Kf7 44.Kg2 Rdg8
45.Kh2 Ke8 46.Rdf2 Kd8 47.Rd2 Kc8 48.Kg2 Kb7 49.Kf2 Bc8 50.Ke1 Nb8 51.Rh2 Rd8
52.Rd2 Kb6 53.Kd1 Rd7 54.Kc1 Rhd8 55.Rfd1 Rf7 56.Kb2 Kb7 57.Rf2 Nd7 58.Bc2 Nb6
59.Kc3 Bd7 60.Rfd2 Nc8 61.Kb2 Rh8 62.Rf2 Nce7 63.Rdf1 Kb6 64.Bb1 Rff8 65.Bc2 Rh6
66.Bb1 Kb7 67.Bc2 Rhh8 68.Bb1 Ng8 69.Bc2 Nh6 70.Rg1 Rf7 71.Bb1 Ne7 72.g4 Ng6
73.Rh2 Ng8 74.Nf5 Bxf5 75.exf5 Nf4 76.Nc3 Ne7 77.Be4 g6 78.fxg6 Nexg6 79.g5 f5
80.Bc2 c6 81.dxc6+ Kxc6 82.Rd1 Ne6 83.Nd5 Nd4 84.Rd3 Rb8 85.Bd1 Kd7 86.Re3 Rh8
87.Re1 Ne6 88.Bc2 Ngf4 89.Nf6+ Rxf6 90.gxf6 Nd4 91.Rhh1 Ke6 92.Ref1 Kxf6
93.Rhg1 Ng6 94.Rh1 Rb8 95.Rh2 Nf4 96.Rhh1 Nfe2 97.Rh2 Rg8 98.Rff2 Nf4 99.Kc3 Rg1
100.Kb2 Rg3 101.Rh1 Nxf3 102.Rd1 Ke6 103.b4 cxb4 104.Bb3 Ke7 105.Bc2 e4 106.Rdf1 Kf6  0-1

[Event "Open"]
[Site "Cappelle la Grande FRA"]
[Date "2003.02.24"]
[Round "3"]
[White "Meynard,T"]
[Black "Makarov,M"]
[Result "0-1"]
[WhiteElo "2194"]
[BlackElo "2512"]

1.d4 Nf6 2.c4 e6 3.Nc3 Bb4 4.f3 c5 5.d5 O-O 6.e4 d6 7.Bg5 h6 8.Bh4 Re8 9.Ne2 exd5
10.cxd5 Nbd7 11.g4 c4 12.Bg2 Bc5 13.Qd2 Ne5 14.Nc1 Nxe4 15.Bxd8 Nxd2 16.Kxd2 Rxd8
17.h3 f5 18.Kc2 Bd7 19.a4 Re8 20.N1e2 Nd3 21.Ng3 g6 22.gxf5 gxf5 23.Nh5 Kf7
24.Rhd1 Rg8 25.Bf1 Rg5 26.Bxd3 cxd3+ 27.Rxd3 Rxh5 28.f4 Rh4 29.Rf1 Rg8 30.Rff3 Kf6
31.Rd2 Be8 32.Re2 Bf7 33.Kd3 Rg1 34.Kc4 Bh5 35.Re6+ Kf7 36.Rxh6 Bxf3 37.Rxh4 Kg7  0-1

[Event "Tch-SWE 2002-3"]
[Site "Sweden SWE"]
[Date "2003.03.01"]
[Round "8"]
[White "Hellborg,T"]
[Black "Ornstein,A"]
[Result "0-1"]
[WhiteElo "2240"]
[BlackElo "2426"]

1.d4 Nf6 2.c4 e6 3.Nc3 Bb4 4.f3 c5 5.a3 Bxc3+ 6.bxc3 Qa5 7.Bd2 Nc6 8.e4 d6
9.Bd3 Qc7 10.Ne2 b6 11.f4 e5 12.d5 Na5 13.f5 Ba6 14.Ng3 Qd7 15.Bg5 Ng8 16.Qe2 f6
17.Be3 O-O-O 18.a4 Kb8 19.Nf1 g6 20.Nd2 h5 21.O-O g5 22.Rfb1 Ne7 23.Nb3 Ka8
24.Rb2 Rb8 25.Kf2 Nxb3 26.Rxb3 Bc8 27.Ra2 Qc7 28.a5 bxa5 29.Rba3 Bd7 30.Rxa5 Nc8
31.Qd1 Rb7 32.Kg1 Be8 33.Ra6 Rb6 34.R6a5 Rh7 35.Bf2 Qb8 36.Qc1 Rhb7 37.Be1 Rb2
38.R5a3 Rxa2 39.Rxa2 Rb3 40.Bc2 Rb6 41.Qa3 h4 42.Kf2 Rb7 43.Qc1 Nb6 44.Bd3 Na4
45.Bd2 Nb2 46.Be2 Na4 47.Ra1 Qc7 48.Ra2 Qb6 49.Qa1 Qb1 50.Rxa4 Qxe4 51.Bc1 Qxf5+
52.Ke1 Bxa4 53.Qxa4 Qd7 54.Qa2 g4 55.Bd1 Kb8 56.Qf2 Rb1 57.Kd2 g3 58.hxg3 Qg7
59.Qe3 Qxg3 60.Bf3 h3 61.gxh3 Qxh3 62.Kc2 Rb7 63.Qe2 f5 64.Bg2 Qh2 65.Kd1 Rg7
66.Bf1 Qxe2+ 67.Kxe2 Rg3 68.Bd2 f4 69.Be1 Re3+ 70.Kd2 a5 71.Be2 a4 72.Bd1 a3
73.Bb3 e4 74.Kd1 f3 75.Bg3 Kc7 76.Ba2 Re2 77.Bb1 a2  0-1

[Event "X Anibal Open"]
[Site "Linares ESP"]
[Date "2003.03.02"]
[Round "3"]
[White "Ezat,M"]
[Black "Riazantsev,A"]
[Result "0-1"]
[WhiteElo "2381"]
[BlackElo "2538"]

1.d4 Nf6 2.c4 e6 3.Nc3 Bb4 4.f3 c5 5.a3 Bxc3+ 6.bxc3 d6 7.e4 e5 8.Bd3 Nc6
9.Ne2 cxd4 10.cxd4 exd4 11.O-O Nd7 12.Rb1 O-O 13.Bb2 Nde5 14.Nxd4 Nxd4 15.Bxd4 Qc7
16.Be2 b6 17.Qd2 Rd8 18.Rfd1 Bb7 19.Rbc1 f6 20.a4 Kh8 21.Bc3 Bc6 22.a5 Ba4
23.Re1 Be8 24.axb6 Qxb6+ 25.Bd4 Qc7 26.Qe3 Nd7 27.g4 Nc5 28.f4 Ne6 29.Bc3 Qc5
30.Qxc5 Nxc5 31.e5 fxe5 32.fxe5 dxe5 33.Bxe5 Bc6 34.Rc3 a5 35.Bc7 Re8 36.Rcc1 a4
37.Bf1 Rxe1 38.Rxe1 a3 39.Bd6 a2 40.Bxc5 a1=Q 41.Rxa1 Rxa1 42.Be3 Bf3 43.Kf2 Bxg4
44.c5 Ra2+ 45.Kg3 Ra3 46.Kf4 Bd7 47.Bg2 g5+ 48.Kf3 Bc6+ 49.Kf2 Ra2+  0-1